LEADER 01364nam a2200301 i 4500 001 000000038067 003 CaOOAMICUS 005 19931231000000.0 008 931231s1992 fr u000 u mul u 013 $a8472 020 $a2-204-04602-7 040 $aSeMil$bita 100 1 $aGalandus : Regniacensis .$0(OLS)http://semarc/name/18241 245 10$aParabolaire /$cGaland de Reigny ; introduction, texte critique, traduction, notes et index par Colette Friedlander, Jean Leclercq, Gaetano Raciti. 260 $aParis :$bLes Éditions du Cerf,$c1992. 300 $a470 p. ;$c20 cm. 490 0 $aSources Chrétiennes ;$vN°378 500 $aTesto latino a fronte. 700 1 $aFriedlander, Colette,$d<1945- >.$0(OLS)http://semarc/name/18242 700 1 $aLeclercq, Jean,$c.$0(OLS)http://semarc/name/89154 700 1 $aRaciti, Gaetano,$c.$0(OLS)http://semarc/name/16307 830 0$aSources chrétiennes ;$vN°378.$0(OLS)http://semarc/title/72 850 $aSeMil 852 $aSeMil$W1$xVenegono$y1$mSL1.T VII 378$j4222$B4222$CSeMilBibl$Z2$F4222 $8I 961 $aSottoscrizione: Cerf (Éditions) 996 $6020$a2-204-04602-7$9(OLS)http://semarc/number/7237 996 $6245$aParabolaire$9(OLS)http://semarc/title/53594 996 $6260$aParis :$bLes Éditions du Cerf$9(OLS)http://semarc/publisher/29611 LEADER 01151nam a2200277 i 4500 001 000000194573 003 CaOOAMICUS 005 20150224000000.0 008 150224s1944 it u000 u ita u 013 $a173232 040 $aSeMil$bita 100 1 $aCasnati, Francesco.$0(OLS)http://semarc/name/17066 245 13$aLa lettera e lo spirito :$btempi, uomini, idee : scritti di critica letteraria /$cFrancesco Casnati. 260 $aMilano :$bIPL,$c1944. 300 $a452 p. ;$c20 cm. 490 0 $aLa corona d'argento ;$v5 500 $aFondo card. Giovanni Colombo. 650 4$aLetteratura - Saggi.$0(OLS)http://semarc/subject/200 650 4$aCritica letteraria.$0(OLS)http://semarc/subject/5094 830 3$aLa corona d'argento ;$v5.$0(OLS)http://semarc/title/42793 850 $aSeMil 852 $aSeMil$W1$xVenegono$y1$m3GC VI 197$j145144$B145144$CSeMilBibl$Z2$F156663 $8B 941 1 $a3 961 $aLascito: Colombo Card. Giovanni 996 $6245$aLa lettera e lo spirito :$btempi, uomini, idee : scritti di critica letteraria$9(OLS)http://semarc/title/280571 996 $6260$aMilano :$bIPL$9(OLS)http://semarc/publisher/30350